000 00508nam a2200181Ia 4500
005 20250508153443.0
008 008 250505s9999 xx 000 0 eng d
037 _aTextual
040 _aFEDL
_beng
_cFEDL
041 _aeng
_2eng
084 _a370.9437, UNI
_qFEDL
245 0 _aEducation in czechoslovakia
260 _aWashington, USA
_bU.S. Government Printing Office
_c1963
300 _a39p.
650 _aEducation
942 _cTEXL
_h370.9437, UNI
999 _c1342990
_d1342990